[Event "Nybolig Erhverv IM Chess 2017"]
[Site "Fredericia"]
[Date "2017.05.27"]
[Round "7"]
[White "Sylvan, Jacob"]
[Black "Andersson, Tommy"]
[Result "1/2-1/2"]
[WhiteElo "2384"]
[BlackElo "2408"]
[PlyCount "29"]
[EventDate "2017.??.??"]



1. e4 c5 2. Nf3 d6 3. d4 cxd4 4. Nxd4 Nf6 5. Nc3 a6 6. Bg5 Nbd7 7. Qe2 e6 8. f4
Qc7 9. O-O-O Be7 10. g4 b5 11. a3 Bb7 12. f5 e5 13. Bxf6 gxf6 14. Nb3 Rc8 15.
Kb1 1/2-1/2

[Event "Nybolig Erhverv IM Chess 2017"]
[Site "Fredericia"]
[Date "2017.05.27"]
[Round "7"]
[White "Grabarczyk, Miroslaw"]
[Black "Ahlander, Bjorn"]
[Result "1/2-1/2"]
[WhiteElo "2436"]
[BlackElo "2425"]
[PlyCount "119"]
[EventDate "2017.??.??"]



1. d4 Nf6 2. c4 e6 3. Nf3 d5 4. g3 Bb4+ 5. Bd2 Be7 6. Bg2 O-O 7. O-O c6 8. Qc2
Nbd7 9. Rd1 b6 10. Bf4 Bb7 11. Ne5 Nxe5 12. dxe5 Nd7 13. cxd5 cxd5 14. e4 g5
15. Be3 Nxe5 16. exd5 exd5 17. Qf5 Nc4 18. Nc3 Nxe3 19. fxe3 Qc8 20. Nxd5 Bxd5
21. Qxd5 Rb8 22. Rac1 Qg4 23. Bf3 Qe6 24. Qxe6 fxe6 25. Bg4 Bc5 26. Kg2 Rbd8
27. Bxe6+ Kg7 28. g4 Rxd1 29. Rxd1 Re8 30. Rd7+ Re7 31. Kf3 Rxd7 32. Bxd7 Kf6
33. Ke4 a5 34. h3 h6 35. Be8 Ke7 36. Ba4 Ke6 37. Bb3+ Kf6 38. Bc2 Ke6 39. Kd3
Kd5 40. e4+ Ke5 41. Kc4 Bd4 42. b3 Bc5 43. Kb5 Kd6 44. Ka6 Kc7 45. e5 Bd4 46.
e6 Bc5 47. Bg6 Bb4 48. Bf7 Ba3 49. Kb5 Bc5 50. Ka4 Kc6 51. a3 Be7 52. Be8+ Kc7
53. b4 axb4 54. axb4 Kd6 55. Bd7 Ke5 56. Kb5 Kf6 57. Bc8 Bd6 58. Kc4 Be7 59.
Bd7 Ke5 60. Bc8 1/2-1/2

[Event "Nybolig Erhverv IM Chess 2017"]
[Site "Fredericia"]
[Date "2017.05.27"]
[Round "7"]
[White "Jacobsen, Mikkel Manosri"]
[Black "Ferrante, Marco"]
[Result "0-1"]
[WhiteElo "2187"]
[BlackElo "2259"]
[PlyCount "52"]
[EventDate "2017.??.??"]



1. d4 d5 2. Nc3 Nf6 3. Bf4 c6 4. Qd3 Qa5 5. f3 b5 6. e4 b4 7. Nce2 Ba6 8. Qe3
b3+ 9. Nc3 dxe4 10. Bxb8 Bxf1 11. Kxf1 Rxb8 12. cxb3 exf3 13. Qxf3 Qa6+ 14.
Nge2 e6 15. Kf2 Be7 16. Rhd1 O-O 17. Kg1 Rfd8 18. Na4 Rbc8 19. Rac1 h6 20. Rc4
c5 21. Rdc1 cxd4 22. Nxd4 Rxc4 23. Rxc4 Bf8 24. Qc6 Qa5 25. Nc3 Rxd4 26. Rxd4
Qc5 0-1

[Event "Nybolig Erhverv IM Chess 2017"]
[Site "Fredericia"]
[Date "2017.05.27"]
[Round "7"]
[White "Lauridsen, Jesper Morch"]
[Black "Rewitz, Poul"]
[Result "1-0"]
[WhiteElo "2254"]
[BlackElo "2328"]
[PlyCount "193"]
[EventDate "2017.??.??"]



1. e4 g6 2. d4 Bg7 3. Nc3 d5 4. exd5 Nf6 5. Bc4 Nbd7 6. Bg5 Nb6 7. Bxf6 Bxf6 8.
Bb3 a5 9. a4 O-O 10. Nge2 c6 11. dxc6 bxc6 12. O-O Ba6 13. Re1 Bg7 14. Qc1 e6
15. Qe3 Rb8 16. Rad1 Bc4 17. Ne4 Nd5 18. Qf3 Bxb3 19. cxb3 Re8 20. Nc5 Qe7 21.
Rc1 Red8 22. Qe4 h5 23. h3 Qg5 24. Rcd1 Rd6 25. Qf3 Qe7 26. Rc1 Bh6 27. Rc4
Rdd8 28. Ne4 Rb6 29. Rc5 Rdb8 30. N2c3 Bg7 31. Nd2 Bxd4 32. Rxc6 Rxc6 33. Nxd5
Qc5 34. Ne7+ Qxe7 35. Qxc6 Bxb2 36. Nc4 Bc3 37. Rd1 Qb7 38. Qxb7 Rxb7 39. Rb1
Kf8 40. Kf1 Ke7 41. Ke2 f6 42. Kd3 Bb4 43. f3 Rd7+ 44. Ke2 h4 45. Rc1 Rd5 46.
Rc2 f5 47. Ne3 Rd4 48. Nc4 Kf6 49. Nb2 g5 50. Nd3 g4 51. fxg4 fxg4 52. Ke3 e5
53. hxg4 Rxg4 54. Nxb4 Rxb4 55. Rc3 Kf5 56. Kf3 Rd4 57. Ke2 Rg4 58. Kf2 Rf4+
59. Ke2 Re4+ 60. Kf2 Rb4 61. Ke2 Ke6 62. Ke3 Kd5 63. Ke2 Rg4 64. Kf2 Re4 65.
Rc8 Rf4+ 66. Ke2 Rg4 67. Kf2 Rg3 68. Rh8 Rxb3 69. Rxh4 Rb4 70. Rh8 Rxa4 71. Ra8
Ke4 72. Rh8 Ra2+ 73. Kf1 a4 74. Rh3 Kd4 75. g4 a3 76. g5 Ra1+ 77. Kg2 Ra2+ 78.
Kg1 Ra1+ 79. Kg2 Kd5 80. g6 Ke6 81. Rg3 a2 82. g7 Rg1+ 83. Kxg1 a1=Q+ 84. Kh2
Qa2+ 85. Kh3 Qe2 86. g8=Q+ Kd6 87. Qd8+ Kc5 88. Qc8+ Kd5 89. Qd7+ Kc5 90. Qa7+
Kd5 91. Qd7+ Kc5 92. Qd3 Qh5+ 93. Kg2 Qh4 94. Qc2+ Kd5 95. Rd3+ Ke6 96. Qc6+
Kf5 97. Rf3+ 1-0

[Event "Nybolig Erhverv IM Chess 2017"]
[Site "Fredericia"]
[Date "2017.05.28"]
[Round "8"]
[White "Ferrante, Marco"]
[Black "Fries Nielsen, Jens Ove"]
[Result "1/2-1/2"]
[WhiteElo "2259"]
[BlackElo "2351"]
[PlyCount "69"]
[EventDate "2017.??.??"]



1. e4 e6 2. d4 Ne7 3. Nc3 d6 4. g3 g6 5. Bg2 Bg7 6. Nge2 Nd7 7. h4 h6 8. a4 a6
9. a5 Nc6 10. h5 g5 11. f4 gxf4 12. gxf4 Rg8 13. Bf3 e5 14. d5 Nd4 15. Nxd4
exd4 16. Ne2 Nc5 17. Nxd4 Qe7 18. Kf2 Bf6 19. Be3 Nxe4+ 20. Bxe4 Qxe4 21. Qf3
Bf5 22. c3 Bxd4 23. Bxd4 Qc2+ 24. Qe2+ Qxe2+ 25. Kxe2 Kd7 26. Rhg1 Bg4+ 27. Kf2
Rae8 28. Rae1 f5 29. c4 c6 30. Bf6 cxd5 31. cxd5 Rxe1 32. Rxe1 Re8 33. Rxe8
Kxe8 34. Bg7 Bxh5 35. Ke3 1/2-1/2

[Event "Nybolig Erhverv IM Chess 2017"]
[Site "Fredericia"]
[Date "2017.05.28"]
[Round "8"]
[White "Ahlander, Bjorn"]
[Black "Sylvan, Jacob"]
[Result "1/2-1/2"]
[WhiteElo "2425"]
[BlackElo "2384"]
[PlyCount "69"]
[EventDate "2017.??.??"]



1. d4 Nf6 2. c4 g6 3. Nc3 Bg7 4. e4 d6 5. Bg5 O-O 6. Qd2 Na6 7. f4 c6 8. Nf3 d5
9. cxd5 cxd5 10. Bxf6 exf6 11. Bxa6 bxa6 12. e5 fxe5 13. fxe5 f6 14. O-O Bg4
15. exf6 Rxf6 16. Ne5 Bf5 17. Rae1 Qd6 18. g4 Be6 19. Rxf6 Bxf6 20. h3 Rf8 21.
Qe3 Bd7 22. Re2 Bh4 23. Kg2 Bb5 24. Nxb5 axb5 25. Rc2 b4 26. Rc6 Qe7 27. Qb3
Rf2+ 28. Kg1 Qf8 29. Rc1 Qd6 30. Rc5 Qf8 31. Qxd5+ Kh8 32. Rc1 Bg3 33. Qb7 Bh2+
34. Kh1 Bxe5 35. dxe5 1/2-1/2

[Event "Nybolig Erhverv IM Chess 2017"]
[Site "Fredericia"]
[Date "2017.05.28"]
[Round "8"]
[White "Rewitz, Poul"]
[Black "Grabarczyk, Miroslaw"]
[Result "0-1"]
[WhiteElo "2328"]
[BlackElo "2436"]
[PlyCount "116"]
[EventDate "2017.??.??"]



1. g3 d5 2. Bg2 Nf6 3. f4 g6 4. Nf3 Bg7 5. O-O O-O 6. d3 c5 7. c3 Nc6 8. Na3 b6
9. Qc2 Ba6 10. Qa4 Qc8 11. b4 cxb4 12. cxb4 Nd7 13. Rb1 Bb7 14. b5 Nc5 15. Qd1
Nd4 16. Bb2 Nxf3+ 17. Bxf3 Bxb2 18. Rxb2 Qc7 19. Qd2 Rad8 20. Nc2 e5 21. f5 Rd6
22. Ne3 e4 23. Bg4 d4 24. Nc2 e3 25. Qb4 Rfd8 26. Ne1 Rf6 27. Rc2 Qe5 28. Rf4
h5 29. Bh3 g5 30. Rf1 g4 31. Bg2 Rxf5 32. Bxb7 Nxb7 33. Ng2 Rxf1+ 34. Kxf1 Nc5
35. Kg1 Rd6 36. Rc4 Kg7 37. a4 Rd7 38. Rc1 Rd6 39. Rc4 Kh7 40. a5 Kg7 41. axb6
axb6 42. Qb2 Kh7 43. Qa1 Kg7 44. Qa8 Rf6 45. Nf4 h4 46. Qd5 Qxd5 47. Nxd5 Rf2
48. gxh4 Rxe2 49. Rxd4 f5 50. Nxb6 Rd2 51. Kf1 Nxd3 52. Rd7+ Kh6 53. Re7 Rf2+
54. Kg1 e2 55. Re6+ Kh5 56. Nd5 Rf1+ 57. Kg2 Ne1+ 58. Kg3 Rf3# 0-1

[Event "Nybolig Erhverv IM Chess 2017"]
[Site "Fredericia"]
[Date "2017.05.28"]
[Round "8"]
[White "Jacobsen, Mikkel Manosri"]
[Black "Lauridsen, Jesper Morch"]
[Result "1-0"]
[WhiteElo "2187"]
[BlackElo "2254"]
[PlyCount "97"]
[EventDate "2017.??.??"]



1. Nf3 d5 2. b3 c5 3. e3 Nf6 4. Bb2 e6 5. c4 Nc6 6. cxd5 exd5 7. d4 cxd4 8.
Nxd4 Bb4+ 9. Bc3 Bxc3+ 10. Nxc3 Qa5 11. Qd2 Nxd4 12. Qxd4 O-O 13. Bd3 Be6 14.
O-O Rac8 15. b4 Qd8 16. Rfc1 b6 17. Nb5 Qd7 18. Qf4 Ne4 19. f3 g5 20. Qe5 f6
21. Qd4 Nd6 22. Rxc8 Nxc8 23. Rc1 Nd6 24. Nc3 Qf7 25. e4 dxe4 26. Bxe4 Nxe4 27.
Nxe4 Qe7 28. Rc6 f5 29. Nxg5 Bxa2 30. Qd2 Bf7 31. Rd6 a5 32. Nxf7 Rxf7 33. Rxb6
axb4 34. Rxb4 Qc5+ 35. Kf1 Ra7 36. g3 Kf7 37. Kg2 Re7 38. Rh4 Ke8 39. Rd4 Kf7
40. Kh3 Qe5 41. Rd5 Qe6 42. Kh4 Ra7 43. Rd6 Qc4+ 44. Kg5 Re7 45. Qd5+ Qxd5 46.
Rxd5 Re2 47. Rxf5+ Ke6 48. Rf6+ Ke7 49. Rh6 1-0

[Event "Nybolig Erhverv IM Chess 2017"]
[Site "Fredericia"]
[Date "2017.05.28"]
[Round "9"]
[White "Bjerre, Jonas Buhl"]
[Black "Ahlander, Bjorn"]
[Result "1/2-1/2"]
[WhiteElo "2338"]
[BlackElo "2425"]
[PlyCount "115"]
[EventDate "2017.??.??"]



1. e4 c5 2. Nf3 d6 3. d4 cxd4 4. Nxd4 Nf6 5. Nc3 a6 6. Bg5 e6 7. f4 Be7 8. Qf3
h6 9. Bh4 g5 10. fxg5 Nfd7 11. Bg3 Ne5 12. Qf2 hxg5 13. O-O-O Nbd7 14. Be2 b5
15. Rhf1 Bb7 16. Nf3 Ng4 17. Qd4 e5 18. Qd2 Qb6 19. Rde1 Rg8 20. Nd5 Bxd5 21.
Qxd5 Rc8 22. Nd2 Ngf6 23. Qb3 Qc6 24. Bd1 Nc5 25. Qe3 Ne6 26. Kb1 Nf4 27. Bxf4
gxf4 28. Qh3 Qd7 29. Qxd7+ Kxd7 30. Bf3 Ng4 31. Bxg4+ Rxg4 32. g3 fxg3 33. hxg3
Ke6 34. Rf3 Rcg8 35. Nf1 Rc8 36. b3 Bd8 37. c3 Bb6 38. Kc2 f6 39. Kd3 Rf8 40.
Re2 d5 41. exd5+ Kxd5 42. Ne3+ Bxe3 43. Kxe3 f5 44. Kf2 e4 45. Rfe3 f4 46. gxf4
Rfxf4+ 47. Ke1 Rg1+ 48. Kd2 Ra1 49. Rh3 Rxa2+ 50. Ke3 Rxe2+ 51. Kxe2 b4 52.
Rh5+ Kc6 53. cxb4 Rf3 54. Re5 Rxb3 55. Rxe4 Kb5 56. Kd2 Rxb4 57. Rxb4+ Kxb4 58.
Kc2 1/2-1/2

[Event "Nybolig Erhverv IM Chess 2017"]
[Site "Fredericia"]
[Date "2017.05.28"]
[Round "9"]
[White "Grabarczyk, Miroslaw"]
[Black "Jacobsen, Mikkel Manosri"]
[Result "1-0"]
[WhiteElo "2436"]
[BlackElo "2187"]
[PlyCount "45"]
[EventDate "2017.??.??"]



1. d4 d5 2. c4 c6 3. Nf3 Nf6 4. e3 Bg4 5. Qb3 Qc7 6. Ne5 Bf5 7. cxd5 cxd5 8.
Bd2 Nbd7 9. Na3 a6 10. Rc1 Qb8 11. Ba5 e6 12. g4 Bxg4 13. Bc7 Qa7 14. Nxg4 Nxg4
15. Bd3 Ngf6 16. Bg3 b5 17. O-O Ne4 18. Bxe4 dxe4 19. Rc7 Qb6 20. Rfc1 Rd8 21.
R1c6 Qa5 22. Rxe6+ Be7 23. Rxe4 1-0

[Event "Nybolig Erhverv IM Chess 2017"]
[Site "Fredericia"]
[Date "2017.05.28"]
[Round "9"]
[White "Sylvan, Jacob"]
[Black "Rewitz, Poul"]
[Result "0-1"]
[WhiteElo "2384"]
[BlackElo "2328"]
[PlyCount "52"]
[EventDate "2017.??.??"]



1. e4 g6 2. d4 Bg7 3. Nc3 d5 4. e5 f6 5. f4 Nh6 6. Nf3 O-O 7. Be2 fxe5 8. dxe5
c6 9. O-O Qb6+ 10. Qd4 Bg4 11. Qxb6 axb6 12. Ng5 Bf5 13. Bd1 Na6 14. Be3 Nc5
15. h3 Nf7 16. g4 Bc8 17. Nxf7 Rxf7 18. Ne2 g5 19. a3 gxf4 20. Bxf4 h5 21. gxh5
Bxh3 22. Rf2 Raf8 23. h6 Bxe5 24. h7+ Kxh7 25. Rh2 Rg7+ 26. Kh1 Bxf4 0-1

[Event "Nybolig Erhverv IM Chess 2017"]
[Site "Fredericia"]
[Date "2017.05.28"]
[Round "9"]
[White "Lauridsen, Jesper Morch"]
[Black "Ferrante, Marco"]
[Result "1-0"]
[WhiteElo "2254"]
[BlackElo "2259"]
[PlyCount "101"]
[EventDate "2017.??.??"]



1. e4 d5 2. exd5 Qxd5 3. Nc3 Qa5 4. d4 Nf6 5. Bd2 c6 6. Bc4 Bf5 7. Qf3 e6 8. d5
Qc5 9. dxe6 fxe6 10. Qe2 Nd5 11. g4 Bg6 12. Bxd5 cxd5 13. Qxe6+ Qe7 14. Qxe7+
Bxe7 15. Nge2 Nc6 16. O-O-O Rc8 17. Nf4 d4 18. Ncd5 Be4 19. Rhe1 Bxd5 20. Nxd5
Kf7 21. Nxe7 Nxe7 22. Re4 Nc6 23. Rf4+ Kg8 24. b4 b5 25. Kb2 h5 26. g5 Kh7 27.
g6+ Kxg6 28. Rg1+ Kh7 29. Rf5 a6 30. Rxh5+ Kg8 31. Rhg5 Rc7 32. Rc5 Kf7 33.
Rgg5 g6 34. Rgd5 Rcc8 35. Rd6 Ne7 36. Rxc8 Nxc8 37. Rxd4 Rxh2 38. Be3 Ke6 39.
Rd8 Ne7 40. Ra8 Nc6 41. Rxa6 Kd5 42. Rb6 Rh5 43. Rxb5+ Kc4 44. Rc5+ Rxc5 45.
Bxc5 g5 46. a4 g4 47. a5 Kb5 48. Kc3 Ne5 49. Kd4 Nf7 50. c4+ Ka6 51. Ke4 1-0